Inside book publishing / (Record no. 2663)

MARC details
000 -LEADER
fixed length control field 01579cam a2200313 i 4500
001 - CONTROL NUMBER
control field 17967566
003 - CONTROL NUMBER IDENTIFIER
control field OSt
005 - DATE AND TIME OF LATEST TRANSACTION
control field 20260513113527.0
008 - FIXED-LENGTH DATA ELEMENTS--GENERAL INFORMATION
fixed length control field 240621t20252025nyu b 001 0 eng
020 ## - INTERNATIONAL STANDARD BOOK NUMBER
International Standard Book Number 9781032516554 (hbk)
040 ## - CATALOGING SOURCE
Original cataloging agency DLC
Language of cataloging eng
Transcribing agency DLC
Description conventions rda
Modifying agency DLC
-- MILA_ain
-- MILA_ain
042 ## - AUTHENTICATION CODE
Authentication code pcc
043 ## - GEOGRAPHIC AREA CODE
Geographic area code e-uk---
050 00 - LIBRARY OF CONGRESS CALL NUMBER
Classification number Z278
Item number .C557 2025
100 1# - MAIN ENTRY--PERSONAL NAME
Personal name Clark, Giles N.
Fuller form of name (Giles Noel)
Relator term author.
9 (RLIN) 2743
245 10 - TITLE STATEMENT
Title Inside book publishing /
Statement of responsibility, etc. Giles Clark and Angus Phillips.
250 ## - EDITION STATEMENT
Edition statement 7th ed.
260 ## - PUBLICATION, DISTRIBUTION, ETC.
Place of publication, distribution, etc. New York,
Name of publisher, distributor, etc. Routledge;
Date of publication, distribution, etc. 2025.
300 ## - PHYSICAL DESCRIPTION
Extent xix, 355 pages :
Other physical details illustrations, maps ;
Dimensions 26 cm
504 ## - BIBLIOGRAPHY, ETC. NOTE
Bibliography, etc. note Includes bibliographical references (pages 334-338) and index.
505 0# - FORMATTED CONTENTS NOTE
Formatted contents note The development of modern trade publishing -- Publishing for educational, academic and professional markets -- The characteristics of the main publishing sectors -- Creating and protecting value in publishing -- The author -- Commissioning -- The author contract and editorial development -- Design and production -- Marketing -- Sales and distribution -- Rights sales -- The sales channels for books in the UK -- Getting into publishing.
650 #0 - SUBJECT ADDED ENTRY--TOPICAL TERM
Topical term or geographic name entry element Publishers and publishing.
9 (RLIN) 2744
650 #0 - SUBJECT ADDED ENTRY--TOPICAL TERM
Topical term or geographic name entry element Publishers and publishing
General subdivision Vocational guidance.
9 (RLIN) 2745
650 #0 - SUBJECT ADDED ENTRY--TOPICAL TERM
Topical term or geographic name entry element Publishers and publishing
Geographic subdivision Great Britain.
9 (RLIN) 2746
700 1# - ADDED ENTRY--PERSONAL NAME
Personal name Phillips, Angus,
Dates associated with a name 1961-
Relator term author.
9 (RLIN) 2747
906 ## - LOCAL DATA ELEMENT F, LDF (RLIN)
a 7
b cbc
c orignew
d 1
e ecip
f 20
g y-gencatlg
942 ## - ADDED ENTRY ELEMENTS (KOHA)
Source of classification or shelving scheme Library of Congress Classification
Koha item type Book
Holdings
Withdrawn status Lost status Source of classification or shelving scheme Damaged status Not for loan Home library Current library Shelving location Date acquired Source of acquisition Cost, normal purchase price Total Checkouts Full call number Barcode Date last seen Cost, replacement price Price effective from Koha item type
    Library of Congress Classification     MILA University Central Library MILA University Central Library General Stacks 13/05/2026 Emo Book Services Sdn Bhd 177.74   Z278 .C557 2025 0003625 13/05/2026 177.74 13/05/2026 Book
   
  Powered by CD Solutions Sdn Bhd